| 000 | 00378nam a2200145Ia 4500 | ||
|---|---|---|---|
| 008 | 150201s2005 xx 000 0 und d | ||
| 082 |
_a617.6342 _bC2005M |
||
| 100 | _aMILLETT | ||
| 245 | _aCLINICAL PROBLEM SOLVING IN ORTHODONTICS & PEDIATRIC DENTISTRY | ||
| 250 | _a1ST | ||
| 260 |
_bELSEVIER _aDELHI _c2005 |
||
| 300 | _a1-194 | ||
| 650 | _aORTHODONTICS | ||
| 942 |
_2ddc _cBK _01 |
||
| 999 |
_c3707 _d3707 |
||